| 000 | 01339nac a22003371i 4500 | ||
|---|---|---|---|
| 003 | EG-ScBUE | ||
| 005 | 20250708093300.0 | ||
| 008 | 091014t2003 nyua f d 000 0 eng d | ||
| 020 | _a0071410465 (acid-free paper) | ||
| 020 | _a9780071410465 | ||
| 040 |
_aEG-ScBUE _beng _erda _cEG-ScBUE _dEG-ScBUE |
||
| 082 | 0 | 4 |
_a540.3 _bMCG _222 |
| 245 | 0 | 0 | _aMcGraw-Hill dictionary of chemistry. |
| 246 | 3 | 0 | _aDictionary of chemistry |
| 246 | 3 | 0 | _aChemistry |
| 250 | _aSecond edition. | ||
| 264 | 1 |
_aNew York : _bMcGraw-Hill, _c[2003] |
|
| 264 | 4 | _cc2003 | |
| 300 |
_ax, 431 pages : _billustrations ; _c22 cm |
||
| 336 |
_2rdacontent _atext _btxt |
||
| 337 |
_aunmediated _2rdamedia _bn |
||
| 338 |
_avolume _bnc _2rdacarrier |
||
| 500 | _a"All text in the dictionary was published previously in the McGraw-Hill dictionary of scientific and technical terms, sixth edition, copyright c2003 ... "--T.p. verso. | ||
| 500 | _aIncludes Appendices. | ||
| 650 | 7 |
_aChemistry _vDictionaries. _98886 _2BUEsh |
|
| 655 | _vReading book | ||
| 856 | 4 | 2 |
_3Contributor biographical information _uhttp://www.loc.gov/catdir/bios/mh042/2002033183.html |
| 856 | 4 | 2 |
_3Table of contents _uhttp://www.loc.gov/catdir/toc/mh031/2002033183.html |
| 856 | 4 | 2 |
_3Publisher description _uhttp://www.loc.gov/catdir/enhancements/fy0704/2002033183-d.html |
| 942 |
_cNB _2ddc |
||
| 999 |
_c2469 _d2469 |
||